Estatísticas para Cultura Geral

Clique aqui para jogar o quiz

Estatísticas Gerais

  • Esse quiz foi jogado 29 vezes
  • A pontuação média é 8 de 15

Estatísticas das Respostas

HintResposta% Correto
Quantos meses há em uma década?120
100%
Qual é a palavra em espanhol para pai?Padre
96%
Em que país você encontraria a cidade de Bruges?Bélgica
76%
Quem matou Golias?David
76%
Além da Irlanda, qual país está geograficamente mais próximo do Reino Unido?França
72%
Qual empresa de roupas desportivas recebeu o nome de seu fundador, Adolf Dassler?Adidas
60%
Que ingrediente popular para barrar incluem avelã, leite e uma pitada de cacau?Nutella
44%
Para evitar o azar, o que se deve jogar por cima do ombro esquerdo?Sal
44%
O que significa o G no fuso horário GMT?Greenwich
40%
O que um enófilo ama?Vinho
40%
Que cavalo alado foi montado pelo herói grego Belerofonte?Pegasus
32%
Qual país europeu não aderiu às Nações Unidas até 2002?Suíça
32%
Qual estado dos EUA é nomeado no rótulo de uma garrafa de Jack Daniels?Tennesse
32%
Que jogo inspirado no futebol, consiste em manipular bonecos presos a manetes, possibilitando "jogar futebol" numa mesa?Matraquilhos
28%
Que jogo combina aspectos do futebol e do tênis?Futeténis
16%

Distribuição das Pontuações

Percentil de Números Respondidos

Porcentagem de Pessoas com Cada Pontuação

Sua Pontuação Histórica

Você não jogou esse quiz